NFL: Top 25 Active Players: Games - Statistics

General Stats
  • This quiz has been taken 129 times
    8 since last reset
  • The average score is 7 of 26
Answer Stats
# Player Games % Correct
6 Aaron Rodgers 264
100%
24 Joe Flacco 209
83%
2 Calais Campbell 278
67%
T25 Harrison Smith 207
67%
5 Matt Prater 269
67%
10 Philip Rivers 247
67%
T25 Graham Gano 207
33%
8 Nick Folk 258
33%
4 Thomas Morstead 272
33%
18 Bobby Wagner 219
17%
15 Cameron Heyward 228
17%
11 Cameron Jordan 243
17%
T16 Demario Davis 227
17%
T19 Lavonte David 215
17%
12 Matthew Stafford 239
17%
9 Morgan Cox 250
17%
23 Aaron Brewer 213
0%
T19 Brandon Graham 215
0%
T16 Bryan Anger 227
0%
3 J.J. Jansen 277
0%
14 Johnny Hekker 229
0%
7 Jon Weeks 261
0%
T19 Josh Harris 215
0%
22 Kevin Zeitler 214
0%
1 Marcedes Lewis 290
0%
13 Nick Bellore 232
0%
No matching quizzes found
Score Distribution
Percent of People with Each Score
Percentile by Number Answered
Your Score History
You have not taken this quiz since the last reset